000 00455nam a2200169 4500
001 127066
003 ES-MaACL
005 20230906192933.0
007 t|
008 070214s1948 mx r ||||1| spa d
100 1 _aReyes, Alfonso,
_d1889-1959
_996554
245 1 0 _aCortesía
_b: (1909-1947) /
_cAlfonso Reyes.
260 _aMéxico :
_bCultura,
_c1948.
300 _a337 p. ;
_c21 cm.
852 _aES-MaACL
_jD-5569
_bR.29380
999 _c127066
_d127066